[Event "Najdorf Memorial"]
[Site "Warsaw POL"]
[Date "2024.07.17"]
[Round "9.11"]
[White "Sujkowski, Pawel"]
[Black "Deszczynski, Adam"]
[Result "1/2-1/2"]
[WhiteElo "1985"]
[BlackElo "2305"]

1. d4 Nf6 2. c4 g6 3. Nc3 Bg7 4. Nf3 d6 5. e4 O-O 6. Be2 Na6 7. Be3 Ng4 8.
Bg5 f6 9. Bh4 e5 10. d5 Nh6 11. Nd2 c5 12. f3 Nf7 13. a3 Bh6 14. Bf2 f5 15.
h4 Nc7 16. g3 Ne8 17. Qc2 Nf6 18. Bd3 Bxd2+ 19. Qxd2 fxe4 20. Nxe4 Nxe4 21.
Bxe4 Bf5 22. Be3 Bxe4 23. fxe4 Qd7 24. Qe2 b5 25. cxb5 Rfb8 26. a4 a6 27.
O-O axb5 28. axb5 Rxa1 29. Rxa1 Qxb5 30. Qf3 Qd7 31. Rf1 Qe7 32. Rf2 Rb3
33. Qe2 h5 34. Kg2 Kg7 35. Rf3 Qb7 36. Rf2 Nh6 37. Bxh6+ Kxh6 38. Qd2+ Kg7
39. Qg5 Rxb2 40. Qf6+ Kh7 41. Qxd6 Rxf2+ 42. Kxf2 Qb2+ 43. Kg1 Qd4+ 44. Kh2
Qf2+ 45. Kh3 Qf1+ 46. Kh2 1/2-1/2

[Event "Najdorf Memorial"]
[Site "Warsaw POL"]
[Date "2024.07.17"]
[Round "9.12"]
[White "Gibala, Adam"]
[Black "Sriram, Jha"]
[Result "1/2-1/2"]
[WhiteElo "2171"]
[BlackElo "2304"]

1. d4 d5 2. c4 c6 3. Nf3 Nf6 4. Nc3 a6 5. Qc2 dxc4 6. e4 b5 7. b3 b4 8. Na4
c3 9. Bc4 e6 10. a3 Nbd7 11. axb4 Bxb4 12. O-O h6 13. e5 Nd5 14. Ne1 a5 15.
Nd3 Ba6 16. Qe2 Bb5 17. Qg4 g6 18. h4 h5 19. Qg3 Be7 20. Bg5 Bxg5 21. hxg5
h4 22. Qg4 Rh5 23. Ndc5 Rxg5 24. Qf3 Rf5 25. Qe2 Bxa4 26. Nb7 Qb6 27. Nd6+
Ke7 28. Nxf5+ gxf5 29. Bxd5 cxd5 30. Rxa4 Qxb3 31. Raa1 c2 32. Qh5 a4 33.
Qxh4+ Ke8 34. Qh8+ Nf8 35. Qh6 Rc8 36. Qd2 Rc4 37. Rfe1 Qb2 38. Rec1 Ng6
39. g3 Kf8 40. Kg2 f4 41. Qa5 Kg7 42. Qd8 Qxd4 43. Qf6+ Kg8 44. Qd8+ Kg7
45. Qf6+ Kg8 46. Qd8+ Kg7 1/2-1/2

[Event "Najdorf Memorial"]
[Site "Warsaw POL"]
[Date "2024.07.17"]
[Round "9.13"]
[White "Mulawa, Cyprian"]
[Black "Nagly, Wojciech"]
[Result "1/2-1/2"]
[WhiteElo "2302"]
[BlackElo "2016"]

1. Nf3 d5 2. e3 c5 3. b3 Nf6 4. Bb2 b6 5. c4 e6 6. cxd5 exd5 7. Bb5+ Bd7 8.
Bxd7+ Nbxd7 9. O-O Bd6 10. d4 O-O 11. Nc3 Rc8 12. Rc1 Re8 13. dxc5 Nxc5 14.
Nb5 Nfe4 15. Nxa7 Ra8 16. Nc6 Qd7 17. Nb4 Na4 18. bxa4 Bxb4 19. Bxg7 Ba3
20. Bd4 Bxc1 21. Qxc1 Rxa4 22. Bxb6 Rxa2 23. Bd4 Rc8 24. Qb1 Rac2 25. Qb6
Qc6 26. Qxc6 R8xc6 27. Ne5 Rc8 28. Nd3 Kf8 29. Nb4 Rc1 30. g3 Rxf1+ 31.
Kxf1 Rc1+ 32. Kg2 Rd1 33. f3 Rd2+ 34. Kh3 Ng5+ 35. Kg4 Ne6 36. Nxd5 Nxd4
37. exd4 Rxd4+ 38. Nf4 Kg7 39. Kf5 Ra4 40. Nh5+ Kf8 1/2-1/2

[Event "Najdorf Memorial"]
[Site "Warsaw POL"]
[Date "2024.07.17"]
[Round "9.14"]
[White "Aishwin, Daniel"]
[Black "Mirski, Stanislaw"]
[Result "1/2-1/2"]
[WhiteElo "2155"]
[BlackElo "2174"]

1. e4 c5 2. Nf3 e6 3. d4 cxd4 4. Nxd4 Nf6 5. Nc3 Nc6 6. Be2 Bb4 7. O-O Bxc3
8. bxc3 Nxe4 9. Nxc6 dxc6 10. Bd3 Nf6 11. Ba3 Qc7 12. Qd2 h6 13. c4 c5 14.
Bb2 b6 15. Rfe1 Bb7 16. Be5 Qe7 17. f3 Rd8 18. a4 O-O 19. Qf4 Ne8 20. a5 f6
21. Bc3 g5 22. Qg3 Ng7 23. axb6 axb6 24. Reb1 e5 25. Rxb6 Bc8 26. Qf2 Bf5
27. Qe3 Bxd3 28. cxd3 Ne6 29. Qe4 Kg7 30. Rb7 Rd7 31. Raa7 Rfd8 32. Ba5
Rxb7 33. Qxb7 Qxb7 34. Rxb7+ Kg6 35. Bxd8 Nxd8 36. Re7 h5 37. Kf2 g4 38.
Ke3 Kf5 39. Rh7 gxf3 40. gxf3 Kg6 41. Rh8 Ne6 42. h4 f5 43. Rc8 Kf6 44. Kd2
f4 45. Kc3 Kf5 46. Rh8 Kg6 47. Rg8+ Kf7 48. Rg2 Kf6 49. Rg1 Kf5 50. Kb2 Kf6
51. Kc3 Kf5 52. Kb2 Nd4 53. Ka3 Kf6 54. Rg5 Nxf3 55. Rxh5 Nh2 1/2-1/2

[Event "Najdorf Memorial"]
[Site "Warsaw POL"]
[Date "2024.07.17"]
[Round "9.15"]
[White "Pujari, Rucha"]
[Black "Jasiulewicz, Dawid"]
[Result "0-1"]
[WhiteElo "2173"]
[BlackElo "2073"]

1. d4 d5 2. c4 dxc4 3. Nf3 Nf6 4. e3 e6 5. Bxc4 c5 6. O-O a6 7. Bd3 b5 8.
a4 b4 9. Qe2 Bb7 10. Rd1 Nbd7 11. Nbd2 Qc7 12. Nc4 Be7 13. Bd2 O-O 14. Rac1
Be4 15. Nce5 Bxd3 16. Nxd3 a5 17. e4 Rac8 18. dxc5 Bxc5 19. Bf4 Qb6 20.
Nxc5 Nxc5 21. Bd6 Rfe8 22. e5 Nfd7 23. h3 Nxa4 24. Rxc8 Rxc8 25. Ng5 h6 26.
Ne4 Qc6 27. Be7 Re8 28. Bf6 Nxf6 29. exf6 Nc5 30. Qg4 g6 31. Nd6 Rd8 32.
Nc4 Qc7 33. Rd4 Kh7 34. Ne3 Nd3 35. Rxd8 Qxd8 36. Qd1 Qd4 37. b3 e5 38. Qc2
e4 39. Qc6 Nxf2 40. Qe8 Qxf6 41. Nd5 Nxh3+ 42. Kh1 Qf2 43. Kh2 Ng5 44. Qe7
Qh4+ 45. Kg1 Nf3+ 46. gxf3 Qg3+ 47. Kf1 Qxf3+ 48. Ke1 Qg3+ 0-1

[Event "Najdorf Memorial"]
[Site "Warsaw POL"]
[Date "2024.07.17"]
[Round "9.16"]
[White "Romanishin, Oleg M"]
[Black "Rzewucki, Jan"]
[Result "0-1"]
[WhiteElo "2331"]
[BlackElo "1960"]

1. d4 f5 2. g3 Nf6 3. Bg2 d5 4. Nf3 e6 5. Bf4 Be7 6. c4 Ne4 7. O-O O-O 8.
Nbd2 g5 9. Be5 Nc6 10. Rc1 a5 11. a3 a4 12. cxd5 exd5 13. Ne1 Nxe5 14. dxe5
c6 15. Nd3 Qb6 16. Nb1 Be6 17. Nc3 Nxc3 18. Rxc3 d4 19. Rc1 c5 20. Qd2 Qa5
21. Rfd1 Bb3 22. Bxb7 Ra7 23. Bg2 Rd8 24. Nxc5 Bxd1 25. Qxd1 Bxc5 26. Qd3
Rf7 27. Bc6 Be7 28. Bb5 Kh8 29. Rc6 f4 30. g4 Qe1+ 31. Kg2 f3+ 32. exf3
Qxe5 0-1

[Event "Najdorf Memorial"]
[Site "Warsaw POL"]
[Date "2024.07.17"]
[Round "9.17"]
[White "Johannesson, Ingvar Thor"]
[Black "Zalega, Maciej"]
[Result "1-0"]
[WhiteElo "2314"]
[BlackElo "2093"]

1. d4 Nf6 2. c4 g6 3. Nc3 Bg7 4. e4 d6 5. Be2 O-O 6. Nf3 e5 7. O-O Bg4 8.
d5 a5 9. Ne1 Bxe2 10. Qxe2 Nbd7 11. Nd3 Nh5 12. Be3 b6 13. g3 Qe8 14. Nb5
Qc8 15. b4 f5 16. f3 Ndf6 17. Bd2 axb4 18. Nxb4 Rf7 19. a4 fxe4 20. fxe4
Qh3 21. Ra3 Raf8 22. Raf3 Qg4 23. R3f2 Qh3 24. Na6 Qc8 25. Nb4 Qh3 26. Nc6
Ra8 27. a5 bxa5 28. c5 Rd7 29. Bg5 Qg4 30. Qxg4 Nxg4 31. Ne7+ Rxe7 32. Bxe7
Nxf2 33. Rxf2 Rc8 34. c6 Bh6 35. Ra2 Be3+ 36. Kg2 Bc5 37. Rxa5 h6 38. Nxc7
Rxc7 39. Rxc5 dxc5 1-0

[Event "Najdorf Memorial"]
[Site "Warsaw POL"]
[Date "2024.07.17"]
[Round "9.18"]
[White "Kowalczyk, Rafal"]
[Black "Kondys, Piotr"]
[Result "0-1"]
[WhiteElo "2185"]
[BlackElo "2089"]

1. e4 e6 2. d4 d5 3. Bd3 dxe4 4. Bxe4 Nf6 5. Bf3 Nbd7 6. Nc3 Bd6 7. Nge2
O-O 8. Nb5 e5 9. Nxd6 cxd6 10. Ng3 Qa5+ 11. c3 exd4 12. Qxd4 Ne5 13. Be2
Re8 14. O-O d5 15. Bg5 Nc6 16. Qh4 Ne4 17. Bd3 Nxg5 18. Qxg5 Qd8 19. Rfe1
Be6 20. Qf4 h6 21. Rad1 Qg5 22. Ne2 Rad8 23. h4 Qxf4 24. Nxf4 d4 25. c4 Nb4
26. Nxe6 Rxe6 27. Rxe6 fxe6 28. Bb1 a5 29. b3 Kf7 30. f4 Kf6 31. Kf2 Na6
32. g4 g5 33. fxg5+ hxg5 34. h5 Nc5 35. Kf3 Kg7 36. Re1 b6 37. Kg3 Rd6 38.
Kf3 Rd8 39. Kg3 Rd6 40. Kf3 Rd8 41. Bc2 Rf8+ 42. Kg3 Rf4 43. a3 d3 44. Bd1
Ne4+ 45. Kg2 Nc3 46. Bf3 d2 47. Rxe6 Rxf3 48. Rd6 Rf4 49. Rxd2 Rxg4+ 50.
Kf3 Rf4+ 51. Ke3 a4 52. Rd3 Re4+ 53. Kf3 g4+ 54. Kf2 Rf4+ 55. Kg2 Ne4 56.
bxa4 Nc5 57. h6+ Kh7 58. Rd6 Nxa4 59. Rc6 Rf3 60. Re6 Rxa3 61. Re4 g3 62.
Rf4 Kxh6 63. Kh3 Kg5 64. Rd4 Kf5 65. Kg2 Rc3 66. Rh4 Ke5 0-1

[Event "Najdorf Memorial"]
[Site "Warsaw POL"]
[Date "2024.07.17"]
[Round "9.19"]
[White "Dahale, Atul"]
[Black "Krawczyk, Wojciech"]
[Result "0-1"]
[WhiteElo "2169"]
[BlackElo "2072"]

1. d4 Nf6 2. c4 e6 3. a3 d5 4. Nc3 dxc4 5. e3 c5 6. Bxc4 a6 7. dxc5 Qxd1+
8. Kxd1 Bxc5 9. b4 Bd6 10. Bb2 Nbd7 11. Nf3 b5 12. Bd3 Bb7 13. Ke2 Ke7 14.
Rhd1 Rhd8 15. h3 Nb6 16. a4 Nxa4 17. Nxa4 bxa4 18. Rxa4 Nd5 19. b5 axb5 20.
Rxa8 Rxa8 21. Bxb5 Ra2 22. Rd2 Bb4 23. Rc2 Bc3 24. e4 Nf4+ 0-1

[Event "Najdorf Memorial"]
[Site "Warsaw POL"]
[Date "2024.07.17"]
[Round "9.20"]
[White "Rzeszowski, Dominik"]
[Black "Wiech, Grzegorz"]
[Result "1-0"]
[WhiteElo "1961"]
[BlackElo "2106"]

1. e4 c5 2. Nf3 d6 3. d4 cxd4 4. Nxd4 Nf6 5. Nc3 a6 6. Bd3 e6 7. O-O Be7 8.
Nb3 b5 9. a3 Bb7 10. f4 Nc6 11. Qf3 Qc7 12. Bd2 h5 13. Rae1 O-O-O 14. a4 b4
15. Ne2 d5 16. e5 Ne4 17. Bxe4 dxe4 18. Qf2 Na5 19. Be3 Nc4 20. Rb1 f5 21.
Rfc1 Kb8 22. Ned4 Bd5 23. Kh1 g5 24. Nd2 Nxe3 25. Qxe3 gxf4 26. Qxf4 Rhg8
27. c4 Bg5 28. cxd5 Bxf4 29. Rxc7 Rxd5 30. N2b3 Kxc7 31. Nxe6+ Kb6 32. Nxf4
Rxe5 33. Rd1 h4 34. Rd6+ Kc7 35. Rxa6 Rg4 36. Ne6+ Kb8 37. Nbc5 e3 38. Rb6+
Kc8 39. Rc6+ Kb8 40. Nd7+ Kb7 41. Rc7+ Ka6 42. Nxe5 1-0

[Event "Najdorf Memorial"]
[Site "Warsaw POL"]
[Date "2024.07.17"]
[Round "9.21"]
[White "Nesterenko, Kyrylo"]
[Black "Zareba, Piotr"]
[Result "1-0"]
[WhiteElo "2103"]
[BlackElo "2003"]

1. e4 e5 2. Bc4 Nf6 3. d3 Nc6 4. Nc3 Na5 5. Nge2 Bc5 6. Ng3 O-O 7. Qf3 Nxc4
8. dxc4 h6 9. Nf5 d6 10. g4 Bxf5 11. gxf5 Bb4 12. Bd2 Bxc3 13. Bxc3 Qd7 14.
Qe2 Qc6 15. f3 a6 16. Rg1 Kh7 17. O-O-O b5 18. Qf2 Nh5 19. Qh4 Nf4 20. Qxf4
b4 21. Rxg7+ Kxg7 22. f6+ Kh7 23. Qf5+ Kh8 24. Qh5 Kh7 25. Bd2 1-0

[Event "Najdorf Memorial"]
[Site "Warsaw POL"]
[Date "2024.07.17"]
[Round "9.22"]
[White "Mickiewicz, Piotr"]
[Black "Suska, Szymon"]
[Result "1/2-1/2"]
[WhiteElo "2257"]
[BlackElo "2079"]

1. Nf3 c5 2. c4 Nc6 3. d4 cxd4 4. Nxd4 g6 5. e4 Nf6 6. Nc3 d6 7. Be2 Nxd4
8. Qxd4 Bg7 9. Be3 O-O 10. Qd2 Be6 11. f3 Qa5 12. Rc1 Rfc8 13. b3 a6 14.
Na4 Qxd2+ 15. Kxd2 Nd7 16. g4 Rab8 17. Nc3 Rc7 18. Nd5 Bxd5 19. cxd5 Rbc8
20. Rxc7 Rxc7 21. Rc1 Rxc1 22. Kxc1 Kf8 23. Kc2 Ke8 24. g5 Kd8 25. b4 Kc7
26. a4 Nb8 27. a5 Nd7 28. Kb3 Be5 29. f4 Bg7 30. h4 h6 31. Bg4 hxg5 32.
hxg5 f6 33. Bd4 Kd8 34. Be6 Kc7 35. Kc4 Kd8 36. Kd3 Kc7 37. Ke2 Kd8 38. Kf3
Kc7 39. Kg2 Kd8 40. Kf3 Kc7 41. Ke2 Kd8 42. Kd3 Kc7 43. Kc4 Kd8 44. b5 Kc7
45. Bf7 Nf8 46. Kd3 Kd7 47. Ke3 Bh8 48. Kf3 Bg7 49. bxa6 bxa6 50. Kg3 Bh8
51. Bg8 Ke8 52. Be6 Nd7 53. Bxd7+ Kxd7 54. f5 gxf5 55. exf5 Ke8 56. Kg4 Kf7
57. Kh5 Bg7 58. g6+ Kg8 59. Be3 Kf8 60. Bh6 Kg8 61. Bxg7 Kxg7 62. Kg4 Kg8
63. Kh4 Kh8 64. Kh5 1/2-1/2

[Event "Najdorf Memorial"]
[Site "Warsaw POL"]
[Date "2024.07.17"]
[Round "9.23"]
[White "Chiszko, Oskar"]
[Black "Swara, Lakshmi S Nair"]
[Result "1/2-1/2"]
[WhiteElo "2192"]
[BlackElo "2049"]

1. e4 c5 2. Nf3 d6 3. d4 cxd4 4. Nxd4 Nf6 5. Nc3 a6 6. f3 e5 7. Nb3 Be6 8.
Be3 Be7 9. Qd2 Nbd7 10. g4 b5 11. g5 Nh5 12. O-O-O Nb6 13. Na5 Qc7 14. a3
O-O 15. Rg1 g6 16. h4 Rfc8 17. Rg2 Rab8 18. Qe1 Bd8 19. Nb3 Nc4 20. Nd5
Bxd5 21. Rxd5 Nxe3 22. Qxe3 Nf4 23. Rdd2 Nxg2 24. Bxg2 a5 25. Bh3 a4 26.
Bxc8 Rxc8 27. Na1 Qc4 28. Kb1 b4 29. Qd3 bxa3 30. Qxc4 Rxc4 31. Rxd6 Bc7
32. Ra6 axb2 33. Kxb2 Rb4+ 34. Ka2 Rc4 35. Kb2 Rb4+ 36. Ka3 Rb1 37. Ka2 Rf1
38. Rxa4 Rxf3 39. c4 Bb6 40. Nb3 Rc3 41. Ra8+ Kg7 42. Rc8 Bf2 43. Kb2 Re3
44. Nd2 Bxh4 45. c5 1/2-1/2

[Event "Najdorf Memorial"]
[Site "Warsaw POL"]
[Date "2024.07.17"]
[Round "9.24"]
[White "Czajkowski, Adam"]
[Black "Przybylski, Bartosz"]
[Result "0-1"]
[WhiteElo "2184"]
[BlackElo "2060"]

1. e4 e6 2. Nc3 d5 3. Nf3 Nf6 4. e5 Nfd7 5. d4 c5 6. dxc5 Nc6 7. Bf4 Bxc5
8. Bd3 a6 9. O-O h6 10. Bg3 g5 11. h3 h5 12. Re1 g4 13. hxg4 hxg4 14. Nh2
Qg5 15. Qxg4 Qxg4 16. Nxg4 Rg8 17. Be2 Nd4 18. Bd1 b5 19. Kf1 Nxc2 20. Bxc2
Rxg4 21. Rad1 Nb6 22. Ne2 Bb4 23. Nc3 Nc4 24. a3 Ba5 25. b4 Nxa3 26. bxa5
Nxc2 27. Re2 Nd4 28. Ra2 Bd7 29. Bh2 b4 30. f3 Rh4 31. g3 Rh8 32. Nxd5 exd5
33. Rxd4 b3 34. Rb2 Rc8 35. Rh4 Rxh4 36. gxh4 Rc3 37. f4 Rc2 0-1

[Event "Najdorf Memorial"]
[Site "Warsaw POL"]
[Date "2024.07.17"]
[Round "9.25"]
[White "Terkiewicz, Bruno"]
[Black "Gbiorczyk, Mikolaj"]
[Result "1-0"]
[WhiteElo "2170"]
[BlackElo "2034"]

1. d4 Nf6 2. c4 g6 3. Nc3 Bg7 4. e4 d6 5. h3 e5 6. d5 a5 7. Be3 Na6 8. Nf3
Nc5 9. Nd2 h5 10. a3 Bh6 11. Bxh6 Rxh6 12. b4 Na6 13. Nb3 axb4 14. axb4 Bd7
15. Qd2 Nxb4 16. Rxa8 Qxa8 17. Qxh6 Qa3 18. Qd2 Qxb3 19. f3 h4 20. Kf2 Nc2
21. Kg1 Nh5 22. Kh2 Ng3 23. Rg1 Na3 24. Bd3 Nxc4 25. Qc2 Qxc2 26. Bxc2 b5
27. Bd3 Na3 28. Na2 Kd8 29. Rc1 Kc8 30. Rc3 Nc4 31. Bxc4 bxc4 32. Rxc4 Ne2
33. Nb4 Kb7 34. Nc6 Bxc6 35. Rxc6 Nd4 36. Rc1 g5 37. Rb1+ Kc8 38. Kg1 f5
39. exf5 Ne2+ 40. Kf2 Nc3 41. f6 Kd7 42. Rb8 1-0

[Event "Najdorf Memorial"]
[Site "Warsaw POL"]
[Date "2024.07.17"]
[Round "9.26"]
[White "Tsiapko, Andrii"]
[Black "Wojtaszewski, Piotr"]
[Result "1-0"]
[WhiteElo "2167"]
[BlackElo "2028"]

1. d4 d5 2. c4 e6 3. Nf3 Nf6 4. g3 c6 5. Nbd2 Nbd7 6. Bg2 Bd6 7. O-O O-O 8.
Qc2 b6 9. e4 dxe4 10. Nxe4 Nxe4 11. Qxe4 Bb7 12. Rd1 Qc7 13. Qc2 Rfd8 14.
Bg5 Re8 15. Rac1 Be7 16. Bf4 Bd6 17. Bxd6 Qxd6 18. c5 Qe7 19. b4 Rac8 20.
Nd2 b5 21. Ne4 Rc7 22. Nd6 Rb8 23. f4 Nf6 24. Re1 Ne8 25. Nxb7 Rbxb7 26. f5
Nf6 27. fxe6 fxe6 28. Bh3 Qd8 29. Rcd1 Re7 30. Qb3 Kh8 31. Rxe6 Rbc7 32.
Bg2 Qd7 33. Rxe7 Qxe7 34. h3 h6 35. Kh2 Qe2 36. a3 Re7 37. Qd3 Qe6 38. Rf1
Qa2 39. Qf3 Re2 40. Kh1 Re4 41. Qf2 Re2 42. Qf3 Re4 43. Rd1 Qe6 44. Rd3
Re1+ 45. Kh2 Re2 46. Rd1 Re4 47. Rf1 Qc4 48. Qf5 Re2 49. Rf2 Rxf2 50. Qxf2
Qe6 51. Qf3 Nd5 52. Qf8+ Kh7 53. Qd6 Qe3 54. Qxc6 Nc3 55. Qf3 Qxd4 56. c6
Qc4 57. Qf4 Qe6 58. c7 Qd7 59. Qe5 Na4 60. Qe4+ g6 61. Qb7 Nb6 62. c8=Q 1-0

[Event "Najdorf Memorial"]
[Site "Warsaw POL"]
[Date "2024.07.17"]
[Round "9.28"]
[White "Praczukowski, Stanislaw"]
[Black "Smietanska, Wiktoria"]
[Result "1/2-1/2"]
[WhiteElo "2086"]
[BlackElo "2125"]

1. d4 d5 2. c4 e6 3. Nf3 Nf6 4. Nc3 Bb4 5. cxd5 exd5 6. Bg5 h6 7. Bh4 O-O
8. e3 Nbd7 9. Be2 c5 10. O-O Bxc3 11. bxc3 c4 12. Nd2 Re8 13. Bf3 Qb6 14.
Qc2 Qe6 15. Rfe1 Ne4 16. Bxe4 dxe4 17. Rab1 b6 18. Rb4 a5 19. Rxc4 Ba6 20.
Rc7 b5 21. c4 bxc4 22. Nxc4 Qd5 23. Rxd7 Qxd7 24. Nb6 Qe6 25. Nxa8 Rxa8 26.
a3 Rc8 27. Qd2 Qd5 28. h3 Bd3 29. Rc1 Rxc1+ 30. Qxc1 Qc4 31. Qb2 Qb5 32.
Qc3 Bc4 33. Bg3 Qb1+ 34. Kh2 Qb5 35. Be5 f6 36. Bg3 Kf7 37. Qc2 f5 38. Be5
Qb3 39. Qc1 Kg6 40. d5 Bxd5 41. Qc7 Bf7 42. Qxa5 Be8 43. Qc5 Qe6 44. Qd4
Qd7 45. Qa1 Qa7 46. Bd6 Bc6 47. Qe5 Qf7 48. Qc5 Qd5 49. Qb4 Kh7 50. Bg3 Qd7
51. Qc3 Bb5 52. Be5 Qe7 53. Qd4 Qd7 54. Bd6 Bc6 55. Qe5 Qf7 56. Qc5 Qd5 57.
Qb4 Qe6 58. Bf4 Qd7 59. Be5 Qe6 60. Qc3 g6 61. Qc5 Ba4 62. Bd4 g5 63. Qa7+
Qd7 64. Qb8 Kg6 65. Qg8+ Kh5 66. Be5 Bc6 67. Qf8 Qe6 68. Qg7 Be8 69. Bc7
Qf7 70. Qe5 Bc6 71. Bd6 Qd5 72. Qf6 Bd7 73. Bf8 Qe6 74. Qg7 Be8 75. Be7 Qf7
76. Qe5 Bc6 77. Qd6 Qd5 78. Qf6 Bd7 79. Bf8 Qe6 80. Qh8 Bc6 81. Qd4 Kg6 82.
Bg7 Qf7 83. Bh8 Qc7+ 84. g3 Kh7 85. Be5 Qd7 86. Qb4 Kg6 87. Qf8 Qe8 88.
Qf6+ Kh5 89. Bd6 Bd7 90. Be7 Qg6 91. Qd4 Qe6 92. Bb4 Kg6 93. Bc3 Qe8 94. a4
Qe6 95. a5 Bc8 96. Bb4 Qa2 97. Kg2 Qe6 98. Bf8 Ba6 99. Qd8 Kh5 100. Be7 Bb5
101. Bf8 Qc4 102. Qd1+ Qe2 103. Qxe2+ Bxe2 104. Kg1 Kg6 105. Kg2 h5 1/2-1/2

[Event "Najdorf Memorial"]
[Site "Warsaw POL"]
[Date "2024.07.17"]
[Round "9.29"]
[White "Kubik, Rafal"]
[Black "Ishvi, Aggarwal"]
[Result "1-0"]
[WhiteElo "2118"]
[BlackElo "1958"]

1. e4 e5 2. Nf3 Nc6 3. Bc4 Bc5 4. c3 Nf6 5. d4 exd4 6. b4 Bb6 7. e5 d5 8.
exf6 dxc4 9. Qe2+ Be6 10. b5 Qxf6 11. bxc6 bxc6 12. O-O dxc3 13. Bg5 Qg6
14. Nxc3 O-O 15. Be3 Bh3 16. Nh4 Qf6 17. gxh3 Qxh4 18. Qg4 Qxg4+ 19. hxg4
Rfe8 20. Rfe1 Ba5 21. Rac1 Rad8 22. Red1 Bb6 23. Rxd8 Rxd8 24. Rd1 Re8 25.
Kg2 f5 26. gxf5 Bxe3 27. Re1 Re5 28. Rxe3 Rxf5 29. Re8+ Kf7 30. Rc8 Ke6 31.
Rxc7 Ke5 32. Ne2 Rg5+ 33. Kf3 Kd5 34. Rxa7 Rf5+ 35. Ke3 Re5+ 36. Kd2 Rf5
37. Rxg7 Rxf2 38. Rxh7 c3+ 39. Ke3 Rf1 40. Rh5+ Kc4 41. Rh4+ Kc5 42. Nxc3
1-0

[Event "Najdorf Memorial"]
[Site "Warsaw POL"]
[Date "2024.07.17"]
[Round "9.30"]
[White "Rekuc, Patryk"]
[Black "Choroszej, Aleksander"]
[Result "0-1"]
[WhiteElo "2107"]
[BlackElo "1997"]

1. d4 g6 2. c4 Bg7 3. Nc3 d6 4. g3 Nf6 5. Bg2 O-O 6. Nf3 Nc6 7. O-O a6 8.
Bf4 Bf5 9. d5 Na5 10. Nd2 c5 11. e4 Bg4 12. Qe1 Nh5 13. Be3 b5 14. cxb5
axb5 15. Nxb5 Qb6 16. a4 Bd7 17. Qe2 Rfb8 18. Ra2 Nb3 19. Nc3 Nd4 20. Qd1
Qb4 21. Re1 Ra7 22. f4 Rba8 23. Bf2 Bxa4 24. Nxa4 Rxa4 25. Rxa4 Rxa4 26.
Bf1 Qxd2 27. Qg4 f5 28. exf5 Nxf5 29. Bb5 Bd4 30. Re2 Bxf2+ 31. Kxf2 Qd4+
32. Kg2 Rb4 33. Bd7 Ne3+ 34. Rxe3 Qxe3 35. Be6+ Kg7 36. Qg5 Qe2+ 37. Kh3
Nf6 38. Kh4 Qxh2+ 39. Bh3 h6 0-1

[Event "Najdorf Memorial"]
[Site "Warsaw POL"]
[Date "2024.07.17"]
[Round "9.31"]
[White "Krol, Jan"]
[Black "Kazmierowski, Tymon"]
[Result "0-1"]
[WhiteElo "2064"]
[BlackElo "2096"]

1. e4 e5 2. Nf3 Nc6 3. Bb5 a6 4. Bxc6 dxc6 5. O-O Bg4 6. h3 Bxf3 7. Qxf3
Qf6 8. Qxf6 Nxf6 9. d3 Bd6 10. Nc3 Nd7 11. f4 exf4 12. Bxf4 Bc5+ 13. Kh2
O-O-O 14. Ne2 Rhe8 15. Bg3 f6 16. Rae1 Bb4 17. c3 Bf8 18. Nc1 Nc5 19. Rf3
Bd6 20. Rfe3 Bxg3+ 21. Kxg3 Na4 22. R1e2 c5 23. Nb3 Re7 24. Kf4 Rde8 25. g4
Re5 26. Na5 Nb6 27. a3 Rd8 28. h4 h6 29. Nb3 g5+ 30. Kg3 h5 31. d4 cxd4 32.
cxd4 gxh4+ 33. Kf4 Rg5 34. gxh5 Rxh5 35. Rh3 Nd7 36. Rg2 Nf8 37. d5 f5 38.
Rg5 Rxg5 39. Kxg5 fxe4 40. Rxh4 Rxd5+ 41. Kf4 Ng6+ 42. Kxe4 Re5+ 43. Kd4
c5+ 44. Nxc5 Rxc5 45. Kxc5 Nxh4 46. Kb6 Kb8 47. b4 Nf5 48. a4 Nd6 49. b5
axb5 50. axb5 Nc8+ 0-1

[Event "Najdorf Memorial"]
[Site "Warsaw POL"]
[Date "2024.07.17"]
[Round "9.32"]
[White "Padalka, Artem"]
[Black "Hury, Tymoteusz"]
[Result "1/2-1/2"]
[WhiteElo "2177"]
[BlackElo "1954"]

1. Nf3 f5 2. c4 Nf6 3. g3 d6 4. Bg2 e5 5. d3 a5 6. Nc3 g6 7. a3 Bg7 8. Rb1
O-O 9. b4 axb4 10. axb4 Nc6 11. O-O h6 12. b5 Nd4 13. Bb2 Ne6 14. Ra1 Rxa1
15. Qxa1 g5 16. Qa8 Qe8 17. Nd2 Qh5 18. Re1 Nc5 19. Nd5 Be6 20. Nxf6+ Bxf6
21. Qa7 Qf7 22. Bxb7 Nxb7 23. Qxb7 Bd8 24. Ba3 g4 25. b6 c5 26. Qc6 Qd7 27.
Qxd7 Bxd7 28. Rb1 Bg5 29. e3 Rb8 30. h4 Bd8 31. d4 exd4 32. exd4 Rxb6 33.
dxc5 Rxb1+ 34. Nxb1 dxc5 35. Bxc5 Be6 36. Na3 Bf6 37. Bb4 Bb2 38. c5 Bxa3
39. Bxa3 Bc4 40. h5 Kf7 41. Bc1 Ke8 42. Bxh6 Bf7 43. c6 Bxh5 44. Kf1 Bf7
45. Ke2 Bd5 46. c7 Kd7 47. Bf4 Be4 48. Ke3 Kc8 49. Kd4 Bb1 50. Kd5 Bc2
1/2-1/2

[Event "Najdorf Memorial"]
[Site "Warsaw POL"]
[Date "2024.07.17"]
[Round "9.33"]
[White "Bartodziej, Bartosz"]
[Black "Alvarado, Carlos"]
[Result "1-0"]
[WhiteElo "2005"]
[BlackElo "2108"]

1. e4 c6 2. d4 d5 3. Nc3 dxe4 4. Nxe4 Nd7 5. Ng5 Ngf6 6. Bd3 h6 7. Ne6 Qa5+
8. Bd2 Qb6 9. Nxf8 Nxf8 10. Ne2 Ne6 11. b3 Nxd4 12. Be3 c5 13. Nxd4 cxd4
14. Bxd4 Qc6 15. O-O O-O 16. Qe2 Be6 17. Rad1 a6 18. c4 Rad8 19. Bb2 Qc7
20. Be5 Qb6 21. h3 Rfe8 22. Kh2 Bd7 23. f4 Bc6 24. Bb1 Rxd1 25. Rxd1 Rd8
26. c5 Qa5 27. Bd3 Re8 28. Qc2 Nd5 29. Bc4 Qxc5 30. b4 Qxb4 31. Bxd5 Bxd5
32. Rxd5 f6 33. Bd4 Qe1 34. Bc3 Qf1 35. Qd2 Qc4 36. Rd4 Qc6 37. Rd7 Kh8 38.
Bb4 e6 39. a3 Qe4 40. Rd4 Qf5 41. Qd3 Qh5 42. Rd7 e5 43. g4 Qh4 44. Qg3
Qxg3+ 45. Kxg3 exf4+ 46. Kxf4 b5 47. Rd6 Ra8 48. Ba5 Kh7 49. h4 g5+ 50. Kf5
gxh4 51. Rxf6 h5 52. g5 Rc8 53. Rxa6 h3 54. Bb4 Rc2 55. Rh6+ Kg7 56. Rxh5
h2 57. Bd6 Rf2+ 58. Bf4 Rf3 59. Rxh2 Rxa3 60. Be5+ Kf7 61. Rh7+ Ke8 62. Ke4
1-0

[Event "Najdorf Memorial"]
[Site "Warsaw POL"]
[Date "2024.07.17"]
[Round "9.34"]
[White "Lisowski, Krzysztof"]
[Black "Dmochowska, Agnieszka"]
[Result "0-1"]
[WhiteElo "2096"]
[BlackElo "2013"]

1. e4 e6 2. d4 d5 3. e5 c5 4. c3 Nc6 5. Nf3 Bd7 6. Be2 Nge7 7. O-O Ng6 8.
g3 f6 9. exf6 gxf6 10. c4 Nxd4 11. Nxd4 cxd4 12. Qxd4 dxc4 13. Bxc4 Rc8 14.
Nc3 Bc5 15. Qe4 Ne5 16. Be2 Bc6 17. Bh5+ Ke7 18. Qe2 Qd3 19. Be3 Bxe3 20.
fxe3 Qxe2 21. Bxe2 h5 22. e4 Rcg8 23. Bb5 Bxb5 24. Nxb5 h4 25. Kg2 a6 26.
Nc3 Nc4 27. Rf3 Ne5 28. Rf4 b5 29. a3 hxg3 30. hxg3 Nd3 31. Rf3 Nxb2 32.
Raf1 Nc4 33. Ra1 Ne5 34. Rff1 Rc8 35. Rac1 Nc4 36. Rf3 Ne5 37. Rff1 Nc4 38.
Rf3 Nxa3 39. Rcf1 Nc4 40. Ra1 Ne5 41. Re3 Ng4 42. Rd3 Rh2+ 43. Kg1 Rc2 0-1

[Event "Najdorf Memorial"]
[Site "Warsaw POL"]
[Date "2024.07.17"]
[Round "9.35"]
[White "Sypien, Natan"]
[Black "Sidorczuk, Pawel"]
[Result "1-0"]
[WhiteElo "1985"]
[BlackElo "2096"]

1. e4 Nc6 2. Nf3 d6 3. d4 Nf6 4. Nc3 g6 5. Be2 Bg7 6. O-O O-O 7. d5 Nb8 8.
Be3 c6 9. a4 Bg4 10. h3 Bxf3 11. Bxf3 Nbd7 12. a5 a6 13. Qd2 Qc7 14. Be2
Rfe8 15. f4 e6 16. dxc6 bxc6 17. Bf3 e5 18. Rfd1 Bf8 19. g3 Rab8 20. b3 Kh8
21. Ra4 Nc5 22. Bxc5 dxc5 23. Qe2 exf4 24. e5 Rxe5 25. Qxa6 c4 26. Rxc4
Bc5+ 27. Kg2 fxg3 28. Qxc6 Qe7 29. a6 Kg7 30. Ne4 Nxe4 31. Rxe4 Rb6 32.
Rxe5 Qxe5 33. Rd5 Rxc6 34. Rxe5 Rc7 35. Rxc5 1-0

[Event "Najdorf Memorial"]
[Site "Warsaw POL"]
[Date "2024.07.17"]
[Round "9.36"]
[White "Kulpa, Zuzanna"]
[Black "Orzechowski, Jacek"]
[Result "0-1"]
[WhiteElo "1954"]
[BlackElo "2072"]

1. d4 d6 2. Nf3 Nf6 3. c4 g6 4. Nc3 Bg7 5. g3 O-O 6. Bg2 c5 7. O-O Nc6 8.
h3 cxd4 9. Nxd4 Nxd4 10. Qxd4 Be6 11. Qh4 Rc8 12. Nd5 b5 13. e4 Rxc4 14.
Ne3 Rc5 15. g4 Nd7 16. Kh1 g5 17. Qg3 Be5 18. Qf3 Bf4 19. Nf5 Ne5 20. Qd1
Ng6 21. b3 Bxc1 22. Rxc1 Nf4 23. Rxc5 dxc5 24. Qc2 Bxf5 25. gxf5 Qd3 26.
Qxc5 Nxg2 27. Kxg2 Qxe4+ 28. f3 Qb7 29. Re1 Rc8 30. Rxe7 Rxc5 31. Rxb7 Rxf5
32. Rxa7 b4 33. Rb7 Rf4 34. Kg3 Kg7 35. Ra7 h5 36. Ra6 Rd4 37. Ra5 Kg6 38.
Kg2 Rd2+ 39. Kg1 f6 40. Ra4 Kf5 41. Rxb4 Rxa2 42. Re4 Rc2 43. b4 Rb2 44.
Rc4 Rd2 45. Re4 Rc2 46. Rd4 Ke5 47. Re4+ Kd5 48. b5 Rb2 49. Ra4 Ke5 50. h4
Kf5 51. b6 g4 52. fxg4+ hxg4 53. Kf1 Rxb6 54. Kg2 Rb2+ 55. Kg3 Rb3+ 56. Kg2
Rh3 57. Ra5+ Kg6 58. Ra6 Rf3 59. Ra8 f5 60. Rg8+ Kf7 61. Rg5 Kf6 62. Rg8
Rh3 63. Rf8+ Ke5 64. Rh8 Kf4 65. Rh5 Ra3 66. Rg5 Rb3 67. Rh5 Rb2+ 68. Kf1
Ke4 69. Rg5 Rh2 70. Rh5 f4 71. Kg1 g3 72. Rh8 Kf3 73. h5 Ra2 0-1